<?xml version="1.0" encoding="UTF-8"?>
<record
    xmlns:xsi="http://www.w3.org/2001/XMLSchema-instance"
    xsi:schemaLocation="http://www.loc.gov/MARC21/slim http://www.loc.gov/standards/marcxml/schema/MARC21slim.xsd"
    xmlns="http://www.loc.gov/MARC21/slim">

  <leader>00749nam a22001337a 4500</leader>
  <datafield tag="040" ind1=" " ind2=" ">
    <subfield code="c">RUA</subfield>
  </datafield>
  <datafield tag="082" ind1=" " ind2=" ">
    <subfield code="a">AGE SIV 2010 B047 Or.1</subfield>
  </datafield>
  <datafield tag="100" ind1=" " ind2=" ">
    <subfield code="a">SIVE, THEA.</subfield>
  </datafield>
  <datafield tag="245" ind1=" " ind2=" ">
    <subfield code="a">Effect of various fertilizer applications on chinese kale crop at prek anh chanh commune, muk kampual district, kandal province  (&#x17A5;&#x1791;&#x17D2;&#x1792;&#x17B7;&#x1796;&#x179B;&#x1793;&#x17C3;&#x1787;&#x17B8;&#x1794;&#x17D2;&#x179A;&#x1797;&#x17C1;&#x1791;&#x1795;&#x17D2;&#x179F;&#x17C1;&#x1784;&#x1782;&#x17D2;&#x1793;&#x17B6;&#x179B;&#x17BE;&#x178A;&#x17C6;&#x178E;&#x17B6;&#x17C6;&#x1781;&#x17B6;&#x178F;&#x17CB;&#x178E;&#x17B6;&#x1780;&#x17D2;&#x1793;&#x17BB;&#x1784;&#x179B;&#x1780;&#x17D2;&#x1781;&#x1781;&#x178E;&#x17D2;&#x178C;&#x1783;&#x17BB;&#x17C6;&#x1796;&#x17D2;&#x179A;&#x17C2;&#x1780;&#x17A2;&#x1789;&#x17D2;&#x1785;&#x17B6;&#x1789;&#x179F;&#x17D2;&#x179A;&#x17BB;&#x1780;&#x1798;&#x17BB;&#x1781;&#x1780;&#x17C6;&#x1796;&#x179B;&#x1781;&#x17C1;&#x178F;&#x17D2;&#x178F;&#x1780;&#x178E;&#x17D2;&#x178A;&#x17B6;&#x179B;)</subfield>
  </datafield>
  <datafield tag="260" ind1=" " ind2=" ">
    <subfield code="a">Phnom Penh</subfield>
    <subfield code="b">RUA</subfield>
    <subfield code="c">2010</subfield>
  </datafield>
  <datafield tag="300" ind1=" " ind2=" ">
    <subfield code="a">x, 50p.</subfield>
    <subfield code="b">ill.</subfield>
    <subfield code="c">29cm.</subfield>
  </datafield>
  <datafield tag="856" ind1=" " ind2=" ">
    <subfield code="u">https://drive.google.com/file/d/1uiyOToZBfqMKg7dZes3_3vbnQoul5YCT/view?usp=sharing</subfield>
  </datafield>
  <datafield tag="942" ind1=" " ind2=" ">
    <subfield code="c">AGR</subfield>
  </datafield>
  <datafield tag="999" ind1=" " ind2=" ">
    <subfield code="c">1397</subfield>
    <subfield code="d">1397</subfield>
  </datafield>
  <datafield tag="952" ind1=" " ind2=" ">
    <subfield code="0">0</subfield>
    <subfield code="1">0</subfield>
    <subfield code="2">ddc</subfield>
    <subfield code="4">0</subfield>
    <subfield code="6">AGE_SIV_2010_000000000000000_B047_OR_1</subfield>
    <subfield code="7">0</subfield>
    <subfield code="9">6069</subfield>
    <subfield code="a">LBB</subfield>
    <subfield code="b">LBB</subfield>
    <subfield code="c">B047</subfield>
    <subfield code="d">2015-09-28</subfield>
    <subfield code="l">3</subfield>
    <subfield code="o">AGE SIV 2010 B047 Or.1</subfield>
    <subfield code="p">RUA008607</subfield>
    <subfield code="r">2016-10-25</subfield>
    <subfield code="s">2016-10-18</subfield>
    <subfield code="w">2015-09-28</subfield>
    <subfield code="y">AGR</subfield>
  </datafield>
  <datafield tag="952" ind1=" " ind2=" ">
    <subfield code="0">0</subfield>
    <subfield code="1">0</subfield>
    <subfield code="2">ddc</subfield>
    <subfield code="4">0</subfield>
    <subfield code="6">AGE_SIV_2010_000000000000000_B047_OR_2</subfield>
    <subfield code="7">0</subfield>
    <subfield code="9">6070</subfield>
    <subfield code="a">LBB</subfield>
    <subfield code="b">LBB</subfield>
    <subfield code="c">B047</subfield>
    <subfield code="d">2015-09-28</subfield>
    <subfield code="l">2</subfield>
    <subfield code="o">AGE SIV 2010 B047 Or.2</subfield>
    <subfield code="p">RUA006278</subfield>
    <subfield code="r">2024-07-01</subfield>
    <subfield code="s">2024-06-21</subfield>
    <subfield code="w">2015-09-28</subfield>
    <subfield code="y">AGR</subfield>
  </datafield>
  <datafield tag="952" ind1=" " ind2=" ">
    <subfield code="0">0</subfield>
    <subfield code="1">0</subfield>
    <subfield code="2">ddc</subfield>
    <subfield code="4">0</subfield>
    <subfield code="6">AGE_SIV_2010_000000000000000_B047_OR_3</subfield>
    <subfield code="7">0</subfield>
    <subfield code="9">6071</subfield>
    <subfield code="a">LBB</subfield>
    <subfield code="b">LBB</subfield>
    <subfield code="c">B047</subfield>
    <subfield code="d">2015-09-28</subfield>
    <subfield code="l">2</subfield>
    <subfield code="o">AGE SIV 2010 B047 Or.3</subfield>
    <subfield code="p">RUA006260</subfield>
    <subfield code="r">2023-09-12</subfield>
    <subfield code="s">2023-08-28</subfield>
    <subfield code="w">2015-09-28</subfield>
    <subfield code="y">AGR</subfield>
  </datafield>
  <datafield tag="952" ind1=" " ind2=" ">
    <subfield code="0">0</subfield>
    <subfield code="1">0</subfield>
    <subfield code="2">ddc</subfield>
    <subfield code="4">0</subfield>
    <subfield code="6">AGE_SIV_2010_000000000000000_B047_OR_4</subfield>
    <subfield code="7">0</subfield>
    <subfield code="9">6072</subfield>
    <subfield code="a">LBB</subfield>
    <subfield code="b">LBB</subfield>
    <subfield code="c">B047</subfield>
    <subfield code="d">2015-09-28</subfield>
    <subfield code="o">AGE SIV 2010 B047 Or.4</subfield>
    <subfield code="p"> RUA006574</subfield>
    <subfield code="r">2015-09-28</subfield>
    <subfield code="w">2015-09-28</subfield>
    <subfield code="y">AGR</subfield>
  </datafield>
  <datafield tag="952" ind1=" " ind2=" ">
    <subfield code="0">0</subfield>
    <subfield code="1">0</subfield>
    <subfield code="2">ddc</subfield>
    <subfield code="4">0</subfield>
    <subfield code="6">AGR_SIV_2010_000000000000000_B053_OR_1</subfield>
    <subfield code="7">0</subfield>
    <subfield code="9">6407</subfield>
    <subfield code="a">LBB</subfield>
    <subfield code="b">LBB</subfield>
    <subfield code="c">B053</subfield>
    <subfield code="d">2015-09-29</subfield>
    <subfield code="o">AGR SIV 2010 B053 Or.1</subfield>
    <subfield code="p">RUA001145</subfield>
    <subfield code="r">2015-09-29</subfield>
    <subfield code="w">2015-09-29</subfield>
    <subfield code="y">AGR</subfield>
  </datafield>
</record>
